000 00482pab a2200181 454500
008 180718b2011 xxu||||| |||| 00| 0 eng d
100 _aMundle, Sudipto
245 _aStimulus, recovery and exit policy: G20 experience and Indian strategy
260 _c2011
300 _ap.85-94.
362 _a16 Jul
650 _aEconomic recession
700 _aBhanumurthy, N.R.
700 _aRao, M. Govinda
773 _aEconomic and Political Weekly
908 _aN
909 _a92537
999 _c92537
_d92537